000 01048ngm a2200157za 4500
007 vz c| |k
008 230412s2023 ||||||||o|||| 00| 0 eng d
041 _aeng
245 _aThe benefits of blockchain technology for real and digital real estate
_ba YouTube Video
260 _bRoyal Institution of Chartered Surveyors,
_c4 April 2023
520 _aHow can the real estate sector benefit from blockchain technology? How do we build trust in blockchain technology across the real estate sector? Why do people buy digital land? How can risk be minimised when investing in the digital real estate sector? What is the metaverse and how does it connect to the real world? Joel Coren and William Polisano speak with Andrew Knight as they discuss the benefits of blockchain technology for real and digital real estate markets.
650 _aBLOCKCHAIN
650 _aPROPTECH
651 _aInternational
856 _uhttps://www.rics.org/news-insights/the-benefits-of-blockchain-technology-for-real-and-digital-real-
_zView the YouTube video here
999 _c121465
_d121465